Statistiques concernant Formes des pays sur la carte du monde n°5 - une minute sprint

Cliquez ici pour prendre le quiz!

Statistiques générales

  • Ce quiz a été pris 219 fois
  • Le résultat moyen est 17 sur 20

Réponses sur la Carte

Les réponses sont colorées sur une échelle allant du rouge au vert en fonction du pourcentage des utilisateurs qui les ont devinées à leur premier essai. Vous pouvez retrouver ces pourcentages ci-dessous.
 

Statistiques - réponses

pays% Correct
Russie
100%
Allemagne
97%
Inde
97%
Royaume-Uni
96%
Afrique du Sud
95%
Colombie
95%
Soudan
94%
Uruguay
93%
Mali
91%
Suriname
86%
Birmanie
82%
Afghanistan
77%
Ghana
77%
Bosnie-Herzégovine
75%
Guatemala
75%
Zambie
75%
Émirats arabes unis
72%
Kiribati
71%
Hongrie
70%
Jordanie
68%

Distribution des résultats

Percentile par nombre de réponses

% des personnes avec chaque résultat

Votre développement - résultats

Vous n’avez pas pris ce quiz